00549nam a22001697a 45000050016000000100013000160200026000290350013000550370022000680820012000901000017001022450067001192600057001862700063002433000021003065000052003272011080108138.0 aB-423746 a9788184352269c750.00 aB-423746 bAllied Publishers a338.791 aPatel, K.N.  aTravel and tourism:cby K.N. Patel binternational approach /  aNew DelhibAdhyayan Publishers & Distributors c2010 aL-9 B, Street No. 42, Sadatpur Extension, bDelhi e110094 a255p. c24cm(Hb) aIncludes bibliogoraphical references and index